Electronic procurement for universities: its problems and development prospects; Энергия молодых - экономике России; Ч. 2

Библиографические подробности
Источник:Энергия молодых - экономике России=Energy of Youth for Russian Economy: сборник научных трудов XIII Международной научно-практической конференции студентов и молодых ученых, г. Томск, 16-19 апреля 2012 г./ Национальный исследовательский Томский политехнический университет (ТПУ) ; Вольное экономическое общество России ; Международный союз экономистов (МСЭ) ; ред. коллегия В. В. Еремин ; Ю. С. Нехорошев ; Г. А. Барышева ; И. Е. Никулина ; Т. Б. Варлачева ; И. В. Кащук ; Е. Ю. Маталасова.— , 2012
Ч. 2.— 2012.— [С. 389-390]
Главный автор: Tungusova E. A.
Другие авторы: Nikulina I. E. Irina Evgenyevna (научный руководитель)
Примечания:Заглавие с титульного экрана
Язык:английский
Опубликовано: 2012
Серии:Modern development strategies of companies in the innovation economy
Предметы:
Online-ссылка:http://www.lib.tpu.ru/fulltext/c/2012/C23/V2/184.pdf
Формат: Электронный ресурс Статья
Запись в KOHA:https://koha.lib.tpu.ru/cgi-bin/koha/opac-detail.pl?biblionumber=240323

MARC

LEADER 00000naa2a2200000 4500
001 240323
005 20251208160309.0
035 |a (RuTPU)RU\TPU\book\261577 
035 |a RU\TPU\book\261443 
090 |a 240323 
100 |a 20130620d2012 k y0rusy50 ba 
101 0 |a eng 
102 |a RU 
135 |a drcn ---uucaa 
200 1 |a Electronic procurement for universities: its problems and development prospects  |f E. A. Tungusova  |g sci. adv. I. E. Nikulina  
203 |a Text  |c electronic 
225 1 |a Modern development strategies of companies in the innovation economy 
300 |a Заглавие с титульного экрана 
320 |a [Библиогр.: с. 390 (3 назв.)] 
337 |a Adobe Reader 
461 1 |0 (RuTPU)RU\TPU\book\258397  |t Энергия молодых - экономике России  |l Energy of Youth for Russian Economy  |o сборник научных трудов XIII Международной научно-практической конференции студентов и молодых ученых, г. Томск, 16-19 апреля 2012 г.  |o в 2 ч.  |f Национальный исследовательский Томский политехнический университет (ТПУ) ; Вольное экономическое общество России ; Международный союз экономистов (МСЭ) ; ред. коллегия В. В. Еремин ; Ю. С. Нехорошев ; Г. А. Барышева ; И. Е. Никулина ; Т. Б. Варлачева ; И. В. Кащук ; Е. Ю. Маталасова  |d 2012 
463 1 |0 (RuTPU)RU\TPU\book\258433  |t Ч. 2  |v [С. 389-390]  |d 2012 
610 1 |a труды учёных ТПУ 
610 1 |a электронный ресурс 
700 1 |a Tungusova  |b E. A. 
702 1 |a Nikulina  |b I. E.  |c economist  |c Professor of Tomsk Polytechnic University, Doctor of economic sciences  |f 1958-  |g Irina Evgenyevna  |3 (RuTPU)RU\TPU\pers\30981  |4 727  |9 15218 
801 2 |a RU  |b 63413507  |c 20130620  |g RCR 
856 4 |u http://www.lib.tpu.ru/fulltext/c/2012/C23/V2/184.pdf 
942 |c CF